000 00843nam a2200241Ia 4500
003 OSt
005 20220923225101.0
006 a|||||r|||| 00| 0
007 ta
008 220922b |||||||| |||| 00| 0 hin d
024 _a256,732
037 _cTextual
040 _aARTS
_cARTS
_bhin
041 _2hin
_ahin
082 _aR4, 152L2
100 _aसक्सेना, लक्ष्मी
245 0 _aनीति निज्ञान के मूल सिद्धांत
246 _aNīti nijnyān ke mūl siddhāanta
260 _aलखनऊ
_b उत्तर प्रदेश हिंदी प्रदेश ग्रंथ अकादमी
_c1972
300 _a307पृ.
_ccm.
942 _hR4, 152L2
_cTEXL
_2CC
999 _c375918
_d375918